New Zealand National Sports Team Nicknames - Statistics

General Stats
  • This quiz has been taken 139 times
  • The average score is 10 of 15
Answer Stats
Hint Answer % Correct
All Blacks Rugby Union
100%
Black Caps Cricket
84%
Tall Blacks Basketball
83%
All Whites Football
82%
Black Sticks Hockey
79%
Silver Ferns Netball
75%
Ice Blacks Ice Hockey
70%
Black Cocks Badminton
63%
Kiwis Rugby League
63%
Tall Ferns Women's Basketball
60%
Black Sox Softball
59%
Black Ferns Women's Rugby
56%
Wheel Blacks Wheelchair Rugby
46%
White Sox Women's Softball
46%
White Ferns Women's Cricket
41%
No matching quizzes found
Score Distribution
Percent of People with Each Score
Percentile by Number Answered
Your Score History
You have not taken this quiz